000 00776nam a2200289Ia 4500
001 7203
005 20240113234002.0
007 ta
008 050704s 197 a g b000 u eng u
020 _a0-7167-0272-X
040 _aCotton College,Assam
041 _aeng
082 _a552
_bPa 21 Or
100 _aPark , Charles F. .
245 0 _aOre Deposits /
_cCharles F. Park, Roy A. Macdiarmid.
_hTextual Documents
250 _a3rd ed. /
260 _aSan Francisco :
_bW.H. Freeman & Co ,
_cC 1975.
300 _ax, 530p. :
_bill. ;
_c22cm .
504 _aIndex
653 _aGeology-Ore deposits
653 _aOre deposits
653 _aPG-Geology
700 _aMacdiarmid, Roy A. .
942 _2ddc
_cBK
999 _c7190
_d7190